000 00507nam a2200169Ia 4500
008 090124s9999 xx 000 0 und d
082 _b104959
100 _aपाण्डेय रुपनारायण
245 _a शाहजहाँ
250 _a1
300 _a135
600 _aपाण्डेय रुपनारायण
630 _a शाहजहाँ
700 _aपाण्डेय रुपनारायण
730 _a शाहजहाँ
942 _cBOOK
999 _c151051
_d151051